[Event "Melbourne Victorian op"]
[Site "Melbourne"]
[Date "2011.06.11"]
[Round "2"]
[White "Stojic, Dusan"]
[Black "Martinez, Octavio"]
[Result "1-0"]
[WhiteElo "2278"]
[BlackElo "1888"]
[PlyCount "39"]
[EventDate "2011.06.11"]
[EventType "swiss"]
[EventRounds "7"]
[EventCountry "AUS"]
[SourceTitle "EXT 2012"]
[Source "ChessBase"]
[SourceDate "2011.11.24"]
[SourceVersion "1"]
[SourceVersionDate "2011.11.24"]
[SourceQuality "1"]

1. e4 c6 2. d4 d5 3. Nc3 dxe4 4. Nxe4 Nf6 5. Nxf6+ exf6 6. c3 Bd6 7. Bd3 Qe7+ 8. Ne2 0-0 9. Qc2 g6 10. h4 Re8 11. h5 f5 12. Bd2 b5 13. 0-0-0 Be6 14. g4 Bd5 15. Rhe1 Be4 16. gxf5 Bxd3 17. Qxd3 Qe4 18. Ng3 Qxd3 19. Rxe8+ Bf8 20. Rxf8+ 1-0